Marketing strategies, advantages and disadvantages of internet marketing communication

Sociálne médiá a internet revolucionalizovali využívanie marketingových stratégií a marketingových nástrojov a online marketing už nie je len okrajovou záležitosťou, ale stal sa súčasťou identity organizácií a získava dominantné postavenie. Definícia marketingu, súčasný stav a vývoj marketingu. Mode...

ver descrição completa

Na minha lista:
Detalhes bibliográficos
Autor principal: Harumová, Anna, 1955-
Formato: Capítulo de Livro
Idioma:inglês
Assuntos:
Tags: Adicionar Tag
Sem tags, seja o primeiro a adicionar uma tag!

MARC

LEADER 00000nla a2200000 4500
001 0239668
005 20240502073902.7
041 0 |a eng 
044 |a SK 
245 1 0 |a Marketing strategies, advantages and disadvantages of internet marketing communication  |c Anna Harumová 
520 |a Sociálne médiá a internet revolucionalizovali využívanie marketingových stratégií a marketingových nástrojov a online marketing už nie je len okrajovou záležitosťou, ale stal sa súčasťou identity organizácií a získava dominantné postavenie. Definícia marketingu, súčasný stav a vývoj marketingu. Modely reklamy na internete. 
610 2 0 |a marketing 
610 2 0 |a stratégia marketingová 
610 2 0 |a nástroje marketingové 
610 2 0 |a komunikácia elektronická 
610 2 0 |a komunikácia marketingová 
610 2 0 |a internet 
610 2 0 |a reklama 
610 2 0 |a vývoj 
610 2 0 |a produkty 
610 2 0 |a služby 
100 1 |a Harumová, Anna, 1955-